Normal view
MARC view
Entry Personal Name
001 - CONTROL NUMBER
- control field: 10857
003 - CONTROL NUMBER IDENTIFIER
- control field: BD-RjUL
005 - DATE AND TIME OF LATEST TRANSACTION
- control field: 20240116110825.0
008 - FIXED-LENGTH DATA ELEMENTS
- fixed length control field: 240116|| aca||aabn | a|a d
040 ## - CATALOGING SOURCE
- Original cataloging agency: BD-RjUL
- Transcribing agency: BD-RjUL
100 ## - HEADING--PERSONAL NAME
- Personal name: Ghosh, Sarath Kumar,
- Dates associated with a name: 1883-1920
670 ## - SOURCE DATA FOUND
- Source citation: Work cat.: (BD-RjUL)82632: Ghosh, Sarath Kumar, 1883-1920., The prince of destiny:, 1910.